[Event "Ch BLR 2014"]
[Site "?"]
[Date "2014.01.07"]
[Round "1.1"]
[White "Teterev, Vitaly"]
[Black "Ziaziulkina, Nastassia"]
[Result "1-0"]
[WhiteElo "2507"]
[BlackElo "2386"]
[PlyCount "81"]
[EventDate "2014.??.??"]

1. Nf3 d5 2. g3 Nf6 3. Bg2 c6 4. O-O Bf5 5. c4 e6 6. cxd5 exd5 7. d3 Be7 8. Qb3
Qb6 9. Qc2 O-O 10. Nc3 Na6 11. e4 Bg4 12. e5 Nd7 13. Be3 Nb4 14. Qd2 Qd8 15. d4
Nb6 16. b3 a5 17. a3 Na6 18. h3 Be6 19. a4 Rc8 20. Ne2 Bb4 21. Qd3 Qd7 22. g4
h6 23. Rad1 Rfd8 24. Nf4 Be7 25. Qd2 Bb4 26. Qe2 Qe8 27. Nh5 Nd7 28. Nh2 Be7
29. Ng3 Bh4 30. Nf5 Bxf5 31. gxf5 Bg5 32. f4 Be7 33. f6 gxf6 34. Qg4+ Kh8 35.
Qh5 Bf8 36. f5 fxe5 37. f6 Kh7 38. Ng4 exd4 39. Bxh6 Kg8 40. Qg5+ Kh7 41. Bg7
1-0

[Event "Ch BLR 2014"]
[Site "?"]
[Date "2014.01.07"]
[Round "1.2"]
[White "Aleksandrov, Aleksej"]
[Black "Smirnov, Valerij"]
[Result "1-0"]
[WhiteElo "2578"]
[BlackElo "2327"]
[PlyCount "87"]
[EventDate "2014.??.??"]

1. d4 Nf6 2. c4 e6 3. Nc3 Bb4 4. e3 O-O 5. Bd3 d5 6. cxd5 exd5 7. Nge2 Re8 8.
O-O b6 9. f3 Bb7 10. a3 Bf8 11. b4 c5 12. bxc5 bxc5 13. Rb1 Qc8 14. Qb3 Bc6 15.
Qa2 Nbd7 16. Kh1 Rb8 17. Bd2 Rb6 18. a4 Qa8 19. Nb5 Rb7 20. dxc5 Nxc5 21. Bc2
Reb8 22. Ned4 Bd7 23. Rbc1 a6 24. Nc3 Rb2 25. Qa1 R2b4 26. a5 R8b7 27. Nd1 Rc4
28. Nb2 Rxd4 29. exd4 Nb3 30. Bxb3 Rxb3 31. Na4 Ra3 32. Nb6 Rxa1 33. Nxa8 Ra2
34. Rfd1 h6 35. Nc7 Bd6 36. Nxa6 Bb5 37. Nb4 Ra4 38. Nc2 Ra2 39. Ne3 Bf4 40.
Ra1 Rxd2 41. Rxd2 Bxe3 42. Rdd1 Ba6 43. g3 g5 44. Ra3 1-0

[Event "Ch BLR 2014"]
[Site "?"]
[Date "2014.01.07"]
[Round "1.3"]
[White "Kovalev, Vladislav"]
[Black "Nikitenko, Mihail"]
[Result "1/2-1/2"]
[WhiteElo "2562"]
[BlackElo "2101"]
[PlyCount "61"]
[EventDate "2014.??.??"]

1. e4 d5 2. exd5 Qxd5 3. Nc3 Qa5 4. d4 Nf6 5. Nf3 Nc6 6. Be3 Bg4 7. h3 Bh5 8.
Bb5 Ne4 9. Rb1 Nxc3 10. bxc3 a6 11. Be2 O-O-O 12. O-O f6 13. Nd2 Bxe2 14. Qxe2
e5 15. Rb3 exd4 16. cxd4 Qf5 17. Rfb1 Na5 18. Rxb7 Nxb7 19. Qxa6 Qxc2 20. Rxb7
Rd6 21. Qa8+ Kd7 22. g3 g5 23. Qa7 Re6 24. d5 Re5 25. Rb8 Bc5 26. Bxc5 Rxb8 27.
Qxb8 Re1+ 28. Kg2 Qxc5 29. Qg8 Re2 30. Qxh7+ Qe7 31. Qd3 1/2-1/2

[Event "Ch BLR 2014"]
[Site "?"]
[Date "2014.01.07"]
[Round "1.4"]
[White "Lutsko, Igor"]
[Black "Zhigalko, Andrey"]
[Result "1-0"]
[WhiteElo "2343"]
[BlackElo "2619"]
[PlyCount "73"]
[EventDate "2014.??.??"]

1. d4 Nf6 2. c4 e6 3. Nf3 b6 4. e3 d5 5. Nc3 Bd6 6. Qa4+ c6 7. Qc2 O-O 8. b3 c5
9. cxd5 exd5 10. Be2 Nc6 11. O-O Bg4 12. Nb5 Nb4 13. Qd1 Bb8 14. Bb2 Ne4 15. a3
Nc6 16. dxc5 bxc5 17. b4 c4 18. Nbd4 Qc7 19. Nxc6 Qxc6 20. Ne5 Bxe5 21. Bxe5
Bxe2 22. Qxe2 Rfe8 23. Bd4 a5 24. b5 Qxb5 25. Qg4 g6 26. Rfb1 Qc6 27. Rb6 Qc8
28. Qf4 Qf5 29. Qh6 Re5 30. f3 Nd2 31. e4 Qg5 32. Qxg5 Rxg5 33. Bf6 Rh5 34. Rd1
c3 35. Bxc3 Nc4 36. Rc6 Nxa3 37. g4 1-0

[Event "Ch BLR 2014"]
[Site "?"]
[Date "2014.01.07"]
[Round "1.5"]
[White "Maiorov, Nikita"]
[Black "Stupak, Kirill"]
[Result "1/2-1/2"]
[WhiteElo "2552"]
[BlackElo "2505"]
[PlyCount "128"]
[EventDate "2014.??.??"]

1. d4 Nf6 2. c4 g6 3. Nc3 Bg7 4. e4 d6 5. h3 O-O 6. Bg5 c5 7. d5 e6 8. Bd3 exd5
9. cxd5 b6 10. Nf3 Ba6 11. O-O Bxd3 12. Qxd3 Nbd7 13. Nd2 a6 14. a4 h6 15. Bf4
Ne8 16. Nc4 Ne5 17. Nxe5 dxe5 18. Be3 a5 19. f4 Kh7 20. f5 Nd6 21. Nb5 g5 22.
Nxd6 Qxd6 23. Qe2 Bf6 24. Qh5 Kg7 25. Ra3 Rh8 26. Rb3 Qc7 27. Rf3 Qd6 28. Bf2
Qc7 29. h4 Qd6 30. Rg3 Kf8 31. Rgc3 Kg7 32. Rb5 Rag8 33. Kf1 Be7 34. Rh3 Bf6
35. Qe2 Bd8 36. Qh5 Bf6 37. Rbb3 Kf8 38. hxg5 hxg5 39. Qe2 Rxh3 40. Rxh3 Rh8
41. Rxh8+ Bxh8 42. Qh5 Bf6 43. Be3 Qd8 44. Ke2 Kg7 45. Kf3 Be7 46. Kg4 f6 47.
Qg6+ Kf8 48. Qh7 Qd7 49. b3 Qd8 50. Kh5 Qe8+ 51. Kg4 Qf7 52. Qh8+ Qg8 53. Qh1
Kg7 54. Kf3 Qe8 55. Kf2 Bd8 56. Qf1 Qd7 57. Qa6 Kf7 58. Ke2 Ke7 59. Kd3 Qc7 60.
Kc4 Kd6 61. Qa8 Qd7 62. g4 Ke7 63. Qa6 Qc7 64. Kc3 Kd6 1/2-1/2

[Event "Ch BLR 2014"]
[Site "?"]
[Date "2014.01.07"]
[Round "1.7"]
[White "Lomako, Pavel"]
[Black "Kocheev, Aleksandr"]
[Result "1/2-1/2"]
[WhiteElo "2370"]
[BlackElo "2391"]
[PlyCount "49"]
[EventDate "2014.??.??"]

1. d4 d5 2. c4 dxc4 3. e3 e5 4. Bxc4 exd4 5. exd4 Bd6 6. Nf3 Nf6 7. O-O O-O 8.
h3 h6 9. Nc3 Nbd7 10. Re1 Nb6 11. Bb3 c6 12. Ne5 Nbd5 13. Nxd5 Nxd5 14. Bxd5
cxd5 15. Qb3 Bc7 16. Qg3 f6 17. Bxh6 Qe7 18. Qh4 gxh6 19. Ng4 Qd6 20. Qh5 f5
21. Nxh6+ Kg7 22. Qg5+ Kh8 23. Qh5 Kg7 24. Qg5+ Kh8 25. Qh5 1/2-1/2

[Event "Ch BLR 2014"]
[Site "?"]
[Date "2014.01.08"]
[Round "2.1"]
[White "Nikitenko, Mihail"]
[Black "Teterev, Vitaly"]
[Result "1/2-1/2"]
[WhiteElo "2101"]
[BlackElo "2507"]
[PlyCount "87"]
[EventDate "2014.??.??"]

1. e4 c5 2. Nf3 e6 3. d4 cxd4 4. Nxd4 Nc6 5. Nc3 Qc7 6. Be2 a6 7. O-O Nf6 8.
Be3 Be7 9. f4 d6 10. Kh1 O-O 11. a4 Bd7 12. Qe1 Nxd4 13. Bxd4 Bc6 14. Qg3 b6
15. Rae1 Qb7 16. Bf3 Rfd8 17. b4 Qc7 18. e5 dxe5 19. Bxe5 Qc8 20. f5 Bxf3 21.
fxe6 Qxe6 22. Rxf3 Qg4 23. Qxg4 Nxg4 24. Bxg7 Rd7 25. Bd4 Rxd4 26. Rxe7 Rc8 27.
h3 Rxc3 28. hxg4 Rxf3 29. gxf3 Rxb4 30. Rb7 a5 31. Kg2 Rb2 32. Kg3 Rxc2 33.
Rxb6 Rc4 34. Ra6 Rxa4 35. Ra7 Kg7 36. Ra6 Ra1 37. Kf4 h6 38. Kf5 a4 39. f4 a3
40. Ra8 Ra2 41. Ra6 Ra1 42. Ra8 Ra2 43. Ra6 Ra1 44. Ke4 1/2-1/2

[Event "Ch BLR 2014"]
[Site "?"]
[Date "2014.01.08"]
[Round "2.2"]
[White "Ziaziulkina, Nastassia"]
[Black "Aleksandrov, Aleksej"]
[Result "1/2-1/2"]
[WhiteElo "2386"]
[BlackElo "2578"]
[PlyCount "65"]
[EventDate "2014.??.??"]

1. e4 e5 2. Nf3 Nc6 3. Bb5 a6 4. Ba4 Nf6 5. O-O Be7 6. Re1 b5 7. Bb3 d6 8. c3
O-O 9. d4 Bg4 10. Be3 Bh5 11. Nbd2 Na5 12. dxe5 dxe5 13. h3 Nxb3 14. Qxb3 Bd6
15. c4 bxc4 16. Qxc4 Qb8 17. b3 Qb7 18. Bg5 Nd7 19. Rac1 a5 20. Nh4 Rfc8 21.
Nf5 Bg6 22. Ne7+ Bxe7 23. Bxe7 a4 24. b4 Nb6 25. Qc6 Qxc6 26. Rxc6 f6 27. a3
Be8 28. Rc3 Bb5 29. Rec1 c6 30. Bc5 Rd8 31. Be3 Nc8 32. Re1 Nb6 33. Bc5 1/2-1/2

[Event "Ch BLR 2014"]
[Site "?"]
[Date "2014.01.08"]
[Round "2.4"]
[White "Smirnov, Valerij"]
[Black "Lutsko, Igor"]
[Result "1/2-1/2"]
[WhiteElo "2327"]
[BlackElo "2343"]
[PlyCount "34"]
[EventDate "2014.??.??"]

1. d4 d5 2. Nf3 c6 3. c4 Nf6 4. e3 Bf5 5. Nc3 e6 6. Nh4 Be4 7. f3 Bg6 8. Qb3
Qb6 9. Nxg6 hxg6 10. Bd2 Nbd7 11. O-O-O Qxb3 12. axb3 Bd6 13. h3 Nh5 14. Bd3
Nhf6 15. Bf1 a6 16. e4 dxe4 17. fxe4 e5 1/2-1/2

[Event "Ch BLR 2014"]
[Site "?"]
[Date "2014.01.08"]
[Round "2.5"]
[White "Stupak, Kirill"]
[Black "Kovalev, Vladislav"]
[Result "1/2-1/2"]
[WhiteElo "2505"]
[BlackElo "2562"]
[PlyCount "39"]
[EventDate "2014.??.??"]

1. d4 Nf6 2. g3 g6 3. Bg2 d5 4. c4 Bg7 5. Nf3 O-O 6. O-O dxc4 7. Na3 c3 8. bxc3
c5 9. e3 Nc6 10. Qe2 Nd5 11. Bb2 Nb6 12. Rac1 Qd5 13. c4 Qh5 14. d5 Ne5 15. Rc2
Bg4 16. Bxe5 Bxe5 17. h3 Bxf3 18. Qxf3 Qxf3 19. Bxf3 Rab8 20. Rb1 1/2-1/2

[Event "Ch BLR 2014"]
[Site "?"]
[Date "2014.01.08"]
[Round "2.6"]
[White "Lomako, Pavel"]
[Black "Maiorov, Nikita"]
[Result "1-0"]
[WhiteElo "2370"]
[BlackElo "2552"]
[PlyCount "70"]
[EventDate "2014.??.??"]

1. d4 Nf6 2. Nf3 e6 3. Bg5 c5 4. c3 d5 5. e3 Nbd7 6. Nbd2 Be7 7. Bd3 b6 8. Ne5
Nxe5 9. dxe5 Nd7 10. Bxe7 Qxe7 11. f4 Bb7 12. O-O O-O-O 13. e4 Nxe5 14. fxe5
dxe4 15. Bxe4 Bxe4 16. Nxe4 Rxd1 17. Raxd1 Rf8 18. Rf4 f6 19. Rdf1 f5 20. Nd6+
Kb8 21. b4 Qc7 22. Rc4 Ka8 23. a4 Qc6 24. a5 bxa5 25. Rxc5 Qb6 26. Nc4 Qb8 27.
Nxa5 Qd8 28. Ra1 Rf7 29. Nc6 Qe8 30. b5 Rc7 31. Rc4 Qf8 32. b6 Rb7 33. Nxa7
Rxa7 34. bxa7 Qd8 35. Rb4 Qc7 1-0

[Event "Ch BLR 2014"]
[Site "?"]
[Date "2014.01.08"]
[Round "2.7"]
[White "Kocheev, Aleksandr"]
[Black "Kupreichik, Viktor"]
[Result "1-0"]
[WhiteElo "2391"]
[BlackElo "2455"]
[PlyCount "109"]
[EventDate "2014.??.??"]

1. e4 c5 2. Nf3 d6 3. c3 Nf6 4. Be2 Bd7 5. d3 g6 6. O-O Bg7 7. Re1 O-O 8. Bf1
Nc6 9. h3 e5 10. Na3 Re8 11. Nc4 d5 12. exd5 Nxd5 13. Nd6 Re6 14. Ne4 b6 15. d4
exd4 16. Bc4 Be8 17. Bg5 Qd7 18. cxd4 cxd4 19. Rc1 h6 20. Bd2 Rd8 21. Bb5 Qe7
22. Ng3 Ncb4 23. Rxe6 Qxe6 24. Bc4 b5 25. Bb3 Qb6 26. Qe2 Bc6 27. a3 Re8 28.
Qd1 Nd3 29. Ba5 Qxa5 30. Rxc6 Nxb2 31. Qc1 Nd3 32. Qb1 Ne1 33. Nh4 Nf4 34. Qa2
Re7 35. Nxg6 Nxg6 36. Rxg6 Nd3 37. Qc2 Qc3 38. Qxc3 dxc3 39. Nf5 Nc5 40. Nxe7+
Kf8 41. Rc6 Nxb3 42. Nf5 Kg8 43. Nxg7 Nd4 44. Rc8+ Kxg7 45. Kf1 c2 46. Ke1 a5
47. Kd2 Kf6 48. Kd3 Ne6 49. Kxc2 b4 50. a4 Ke5 51. Kb2 Kd4 52. Ra8 Nf4 53. Rxa5
Kc4 54. Rf5 Nd3+ 55. Kb1 1-0

[Event "Ch BLR 2014"]
[Site "?"]
[Date "2014.01.09"]
[Round "3.2"]
[White "Aleksandrov, Aleksej"]
[Black "Nikitenko, Mihail"]
[Result "1-0"]
[WhiteElo "2578"]
[BlackElo "2101"]
[PlyCount "69"]
[EventDate "2014.??.??"]

1. d4 d5 2. c4 c6 3. Nc3 Nf6 4. e3 e6 5. Nf3 Nbd7 6. Qc2 Bd6 7. b3 O-O 8. Bb2
e5 9. Be2 Re8 10. h3 exd4 11. Nxd4 dxc4 12. Bxc4 Nb6 13. Bd3 Nbd5 14. Nxd5 cxd5
15. O-O Ne4 16. Nb5 Bb8 17. Rac1 Qg5 18. f4 Qg6 19. Qxc8 Bxf4 20. Qxe8+ Rxe8
21. Rxf4 Qb6 22. Bd4 Qa5 23. Rc2 h5 24. Nc3 Nd6 25. Rh4 g6 26. Rf4 Re6 27. Rf1
a6 28. Rb1 Ne8 29. b4 Qd8 30. b5 Qg5 31. bxa6 bxa6 32. Kh1 h4 33. a4 Kh7 34.
Rf2 f6 35. Rf4 1-0

[Event "Ch BLR 2014"]
[Site "?"]
[Date "2014.01.09"]
[Round "3.3"]
[White "Kupreichik, Viktor"]
[Black "Zhigalko, Andrey"]
[Result "1/2-1/2"]
[WhiteElo "2455"]
[BlackElo "2619"]
[PlyCount "106"]
[EventDate "2014.??.??"]

1. e4 c5 2. Nc3 Nc6 3. Nf3 e6 4. d4 cxd4 5. Nxd4 Qc7 6. f4 a6 7. Be3 b5 8. Nxc6
Qxc6 9. Bd3 Bb7 10. Qe2 Ba3 11. Nd1 Be7 12. Rc1 Nf6 13. c4 Nxe4 14. cxb5 Qd6
15. bxa6 Bxa6 16. Bxa6 Qxa6 17. Qxa6 Rxa6 18. a3 d5 19. Rc8+ Bd8 20. Ke2 Kd7
21. Rb8 Kc7 22. Rb3 Rc6 23. Nc3 Nxc3+ 24. bxc3 Be7 25. Rhb1 Ra8 26. Rb7+ Kd6
27. R1b3 f6 28. Ba7 e5 29. f5 Bf8 30. Bb8+ Kc5 31. R3b4 Rc8 32. Kd3 e4+ 33. Kc2
Ra6 34. a4 Kc6 35. R4b5 Bc5 36. Kb3 Rb6 37. R7xb6+ Bxb6 38. Bg3 g6 39. fxg6
hxg6 40. Kb4 f5 41. c4 d4 42. Rd5 d3 43. a5 Be3 44. Rd6+ Kb7 45. Rd7+ Ka8 46.
Bc7 d2 47. Be5 Bc5+ 48. Kb5 e3 49. Bf4 Ba7 50. Ka6 Rc6+ 51. Kb5 Rc8 52. Ka6 Bc5
53. Kb5 Ba7 1/2-1/2

[Event "Ch BLR 2014"]
[Site "?"]
[Date "2014.01.09"]
[Round "3.4"]
[White "Lutsko, Igor"]
[Black "Ziaziulkina, Nastassia"]
[Result "1/2-1/2"]
[WhiteElo "2343"]
[BlackElo "2386"]
[PlyCount "123"]
[EventDate "2014.??.??"]

1. c4 c6 2. Nf3 d5 3. e3 Nf6 4. Nc3 Nbd7 5. cxd5 cxd5 6. d4 e6 7. Bd3 b6 8. Qa4
Bb7 9. Ne5 a6 10. f4 Ne4 11. O-O f6 12. Nxd7 Qxd7 13. Qb3 b5 14. a4 b4 15. Nxe4
dxe4 16. Bc4 Bd5 17. f5 Qc6 18. Bxd5 Qxd5 19. Qc2 Bd6 20. fxe6 O-O 21. Bd2 Rac8
22. Qd1 Qxe6 23. a5 Rf7 24. Ra4 Rb7 25. b3 Rb5 26. Be1 Rc7 27. Ra2 Qd5 28. Qb1
f5 29. Rc2 Rbb7 30. Ra2 Rc6 31. g3 h5 32. Rff2 Rbc7 33. Rfc2 Rxc2 34. Rxc2 Qxa5
35. Qc1 Rxc2 36. Qxc2 Qb5 37. Qc8+ Kf7 38. d5 Qxd5 39. Qd7+ Kg6 40. Qe8+ Kh6
41. Qh8+ Kg6 42. Qe8+ Qf7 43. Qc6 Qf6 44. Qxa6 Bc5 45. Qxf6+ Kxf6 46. Bd2 g5
47. Kg2 Ke6 48. h3 Kd5 49. Kf1 f4 50. gxf4 gxf4 51. exf4 e3 52. Be1 Ke4 53. Ke2
Kxf4 54. Bh4 Bd6 55. Bd8 Bc5 56. Bc7+ Ke4 57. Bd8 Ke5 58. Bg5 Ke4 59. Bh6 Bd4
60. Bg5 Ke5 61. Kd3 Bb6 62. Bh6 1/2-1/2

[Event "Ch BLR 2014"]
[Site "?"]
[Date "2014.01.09"]
[Round "3.5"]
[White "Teterev, Vitaly"]
[Black "Stupak, Kirill"]
[Result "1/2-1/2"]
[WhiteElo "2507"]
[BlackElo "2505"]
[PlyCount "31"]
[EventDate "2014.??.??"]

1. c4 Nf6 2. Nf3 b6 3. g3 Bb7 4. Bg2 e6 5. O-O Be7 6. b3 O-O 7. Bb2 c5 8. Nc3
d5 9. e3 dxc4 10. bxc4 Ne4 11. d4 Nxc3 12. Bxc3 cxd4 13. exd4 Bf6 14. Rc1 Nd7
15. Qb3 Rc8 16. Rfd1 1/2-1/2

[Event "Ch BLR 2014"]
[Site "?"]
[Date "2014.01.09"]
[Round "3.6"]
[White "Maiorov, Nikita"]
[Black "Kocheev, Aleksandr"]
[Result "1-0"]
[WhiteElo "2552"]
[BlackElo "2391"]
[PlyCount "117"]
[EventDate "2014.??.??"]

1. d4 d5 2. c4 dxc4 3. Nf3 Nf6 4. e3 Bg4 5. Bxc4 e6 6. O-O a6 7. h3 Bh5 8. b3
Bd6 9. Bb2 O-O 10. Nbd2 Qe7 11. Be2 Ba3 12. Bxa3 Qxa3 13. Nc4 Qe7 14. Rc1 Nbd7
15. Na5 Qb4 16. Qe1 Qb6 17. b4 c6 18. a3 Bxf3 19. Bxf3 e5 20. Qc3 exd4 21. Qxd4
Qxd4 22. exd4 Rab8 23. Nc4 Rfd8 24. Rfd1 h6 25. a4 Nf8 26. Ne3 Ne6 27. d5 Ng5
28. dxc6 Nxf3+ 29. gxf3 Rxd1+ 30. Rxd1 bxc6 31. Rd4 Kf8 32. Rc4 Nd5 33. Nc2 Rc8
34. Rc5 Ke7 35. Ra5 Nc7 36. Kf1 Rd8 37. Rc5 Rd6 38. Ne3 Rf6 39. f4 Kd8 40. f5
h5 41. Ke2 Kc8 42. Kd3 Kb7 43. Ke4 Ne8 44. Re5 Nd6+ 45. Kf4 Kc7 46. f3 Rh6 47.
Re7+ Kb6 48. Ke5 a5 49. Rd7 Ne8 50. Nc4+ Ka6 51. bxa5 g6 52. f6 h4 53. Rxf7
Rh5+ 54. Ke6 Rf5 55. Rf8 Nc7+ 56. Kd7 Nd5 57. f7 Ka7 58. Kxc6 Nf4 59. Nd6 1-0

[Event "Ch BLR 2014"]
[Site "?"]
[Date "2014.01.09"]
[Round "3.7"]
[White "Kovalev, Vladislav"]
[Black "Lomako, Pavel"]
[Result "1/2-1/2"]
[WhiteElo "2562"]
[BlackElo "2370"]
[PlyCount "112"]
[EventDate "2014.??.??"]

1. e4 c6 2. d4 d5 3. Nd2 g6 4. c3 Bg7 5. h4 h5 6. Ngf3 Bg4 7. Bd3 Nh6 8. Qc2
dxe4 9. Nxe4 Bxf3 10. gxf3 Nf5 11. Nc5 b6 12. Bxf5 gxf5 13. Nd3 Qd5 14. Qe2 Nd7
15. Bg5 Qe6 16. Qxe6 fxe6 17. O-O-O Kf7 18. Rhe1 Bf6 19. f4 Rad8 20. Re2 Nf8
21. Red2 Ng6 22. Ne5+ Bxe5 23. dxe5 Rxd2 24. Rxd2 Ra8 25. Kc2 Ke8 26. Rd3 Rd8
27. Rg3 Kf7 28. a4 a6 29. Rg1 Rd5 30. Ra1 c5 31. b3 Rd7 32. Rg1 Rd8 33. Rb1 Ke8
34. Rg1 Rd7 35. Rg3 Rd8 36. Rg1 Kd7 37. Rd1+ Ke8 38. Rg1 Kf8 39. Bh6+ Kf7 40.
Bg5 Rd7 41. Ra1 Ke8 42. Rg1 Rd8 43. Rg3 b5 44. axb5 axb5 45. Rg1 Ra8 46. Kb2
Rd8 47. Kc2 Ra8 48. Kb2 c4 49. bxc4 bxc4 50. Bh6 Kf7 51. Bg5 Rd8 52. Kc2 Rd3
53. Rg3 Rd8 54. Rg1 Rd3 55. Rg3 Rd5 56. Rg1 Rd3 1/2-1/2

[Event "Ch BLR 2014"]
[Site "?"]
[Date "2014.01.10"]
[Round "4.3"]
[White "Kocheev, Aleksandr"]
[Black "Zhigalko, Andrey"]
[Result "0-1"]
[WhiteElo "2391"]
[BlackElo "2619"]
[PlyCount "112"]
[EventDate "2014.??.??"]

1. e4 c5 2. Nf3 d6 3. c3 Nf6 4. Be2 g6 5. O-O Bg7 6. Bb5+ Nc6 7. e5 Nd5 8. d4
O-O 9. exd6 Qxd6 10. dxc5 Qxc5 11. Be2 Bf5 12. Qb3 e5 13. Qb5 Qxb5 14. Bxb5 a6
15. Bxc6 bxc6 16. Re1 Rfe8 17. Na3 Bd3 18. Rd1 e4 19. Ne1 Be2 20. Rd2 Bg4 21.
Nec2 Nf4 22. Rd6 Ne2+ 23. Kf1 Nxc1 24. Rxc1 Rab8 25. Nc4 Be6 26. Rxc6 Bd5 27.
Rc7 Bxc4+ 28. Rxc4 Rxb2 29. a4 Ra2 30. Ne3 f5 31. g3 Bh6 32. Rc2 Ra1+ 33. Kg2
Rd8 34. Rb2 Bxe3 35. fxe3 Rd7 36. g4 fxg4 37. Rxe4 h5 38. Re6 Kh7 39. Rxa6 Rd3
40. Re6 Rxc3 41. a5 Rxa5 42. Rbb6 h4 43. Rb2 Rc4 44. Rf2 Kh6 45. Rd2 Rf5 46.
Red6 Rf3 47. R6d4 h3+ 48. Kg1 Rc1+ 49. Rd1 Rxd1+ 50. Rxd1 Rxe3 51. Rd5 Rf3 52.
Re5 Rf5 53. Re3 Kg5 54. Ra3 Rb5 55. Rc3 Rb1+ 56. Kf2 Rh1 0-1

[Event "Ch BLR 2014"]
[Site "?"]
[Date "2014.01.10"]
[Round "4.4"]
[White "Nikitenko, Mihail"]
[Black "Lutsko, Igor"]
[Result "0-1"]
[WhiteElo "2101"]
[BlackElo "2343"]
[PlyCount "102"]
[EventDate "2014.??.??"]

1. e4 c5 2. Nf3 Nc6 3. d4 cxd4 4. Nxd4 e6 5. Nc3 d6 6. Be2 Nf6 7. O-O Be7 8.
Be3 O-O 9. f4 e5 10. Nb3 exf4 11. Bxf4 Be6 12. Kh1 Ne5 13. Nd4 Rc8 14. Nf5 Bxf5
15. exf5 Re8 16. Bb5 Nc6 17. a4 d5 18. a5 a6 19. Ba4 Bb4 20. Bg5 Bxc3 21. bxc3
Re5 22. Bb3 h6 23. Bxf6 Qxf6 24. Bxd5 Rd8 25. c4 Nb4 26. Qb1 Nxd5 27. cxd5
Rdxd5 28. Qxb7 Rxf5 29. Qc8+ Kh7 30. Qc4 Rxa5 31. Rae1 Rxf1+ 32. Qxf1 Qxf1+ 33.
Rxf1 Kg6 34. Kg1 Rc5 35. Ra1 a5 36. Kf1 Kf6 37. Ra2 Ke5 38. Ke2 Kd4 39. Kd2 Kc4
40. Ra4+ Kb5 41. Rf4 f6 42. c3 Re5 43. h3 h5 44. h4 f5 45. Rd4 Kc6 46. Ra4 g6
47. g3 Kb5 48. Rd4 Re4 49. Rd5+ Ka4 50. Kc2 Re2+ 51. Kd1 Rg2 0-1

[Event "Ch BLR 2014"]
[Site "?"]
[Date "2014.01.10"]
[Round "4.6"]
[White "Maiorov, Nikita"]
[Black "Kovalev, Vladislav"]
[Result "1/2-1/2"]
[WhiteElo "2552"]
[BlackElo "2562"]
[PlyCount "34"]
[EventDate "2014.??.??"]

1. d4 Nf6 2. Nf3 g6 3. Bf4 Bg7 4. e3 O-O 5. Be2 d6 6. h3 Nfd7 7. Bh2 e5 8. c4
exd4 9. exd4 Re8 10. Nc3 Nf6 11. O-O Ne4 12. Bd3 Nxc3 13. bxc3 Nc6 14. Rb1 b6
15. Nd2 Bb7 16. Nb3 Rb8 17. Qc2 Qf6 1/2-1/2

[Event "Ch BLR 2014"]
[Site "?"]
[Date "2014.01.10"]
[Round "4.7"]
[White "Lomako, Pavel"]
[Black "Teterev, Vitaly"]
[Result "1/2-1/2"]
[WhiteElo "2370"]
[BlackElo "2507"]
[PlyCount "56"]
[EventDate "2014.??.??"]

1. c4 Nf6 2. Nc3 g6 3. g3 Bg7 4. Bg2 O-O 5. Nf3 d6 6. O-O e5 7. d3 a5 8. Rb1
Re8 9. Nd2 h6 10. a3 Nc6 11. b4 axb4 12. axb4 Nd4 13. b5 Ne6 14. Bb2 h5 15. Ra1
Rb8 16. Qa4 Nc5 17. Qa7 Bf5 18. Nce4 Nfxe4 19. Nxe4 Bxe4 20. Bxe4 Ra8 21. Qxa8
Qxa8 22. Rxa8 Rxa8 23. Ra1 Rxa1+ 24. Bxa1 Nxe4 25. dxe4 Kf8 26. f3 Ke7 27. Kf2
Bh6 28. e3 Ke6 1/2-1/2

[Event "Ch BLR 2014"]
[Site "?"]
[Date "2014.01.11"]
[Round "5.2"]
[White "Zhigalko, Andrey"]
[Black "Smirnov, Valerij"]
[Result "1-0"]
[WhiteElo "2619"]
[BlackElo "2327"]
[PlyCount "73"]
[EventDate "2014.??.??"]

1. d4 Nf6 2. c4 e6 3. Nc3 Bb4 4. Qc2 O-O 5. Nf3 d6 6. Bd2 c5 7. dxc5 dxc5 8. a3
Ba5 9. e3 Nc6 10. Bd3 Bc7 11. O-O-O a6 12. Rhg1 g6 13. g4 Na5 14. g5 Nh5 15.
Ne4 Qe7 16. Bc3 e5 17. Nxe5 Bxe5 18. Bxa5 b5 19. f3 Bb7 20. Rd2 b4 21. axb4
Bxe4 22. Bxe4 Rab8 23. Kb1 cxb4 24. Qb3 Ng7 25. Rd5 Bxh2 26. Rh1 Bg3 27. c5 Ne6
28. c6 Rfc8 29. Qc4 Bc7 30. Rd7 Qxg5 31. Bxb4 Qf6 32. f4 Rxb4 33. Qxb4 Rb8 34.
Qa3 Bb6 35. Rb7 Qd8 36. Qc3 Rc8 37. Bxg6 1-0

[Event "Ch BLR 2014"]
[Site "?"]
[Date "2014.01.11"]
[Round "5.3"]
[White "Kupreichik, Viktor"]
[Black "Ziaziulkina, Nastassia"]
[Result "1/2-1/2"]
[WhiteElo "2455"]
[BlackElo "2386"]
[PlyCount "64"]
[EventDate "2014.??.??"]

1. e4 c5 2. Nc3 d6 3. f4 g6 4. Nf3 Bg7 5. d4 cxd4 6. Nxd4 Nc6 7. Nb3 Nf6 8. Be2
O-O 9. Be3 Re8 10. O-O e5 11. f5 gxf5 12. exf5 d5 13. Bg5 Ne7 14. Qd3 Bd7 15.
Rad1 Qb6+ 16. Kh1 Rad8 17. Bxf6 Qxf6 18. Nxd5 Nxd5 19. Qxd5 Bc6 20. Qc4 Rxd1
21. Bxd1 Rd8 22. c3 Qg5 23. Bf3 Bxf3 24. Rxf3 Rd1+ 25. Rf1 Qg4 26. Qc8+ Bf8 27.
Kg1 Rxf1+ 28. Kxf1 Qf4+ 29. Ke2 Qe4+ 30. Kf2 Qf4+ 31. Ke2 Qe4+ 32. Kf2 Qf4+
1/2-1/2

[Event "Ch BLR 2014"]
[Site "?"]
[Date "2014.01.11"]
[Round "5.4"]
[White "Lutsko, Igor"]
[Black "Stupak, Kirill"]
[Result "0-1"]
[WhiteElo "2343"]
[BlackElo "2505"]
[PlyCount "74"]
[EventDate "2014.??.??"]

1. c4 Nf6 2. Nc3 e6 3. d4 Bb4 4. e3 b6 5. Bd3 Bb7 6. Nf3 Be4 7. Be2 Bxc3+ 8.
bxc3 O-O 9. O-O d6 10. Ne1 Bb7 11. f3 d5 12. cxd5 exd5 13. c4 Re8 14. Nc2 h6
15. cxd5 Nxd5 16. Bd3 a5 17. a3 Ba6 18. Bxa6 Nxa6 19. e4 Ne7 20. Bf4 Qd7 21.
Ne3 Rad8 22. d5 Nc5 23. Rb1 f5 24. exf5 Nxf5 25. Ng4 h5 26. Nf2 Ne3 27. Bxe3
Rxe3 28. Qd4 Rxa3 29. Rbd1 Qf5 30. Ne4 Ra4 31. Qe3 Nxe4 32. fxe4 Rxe4 33. Qb3
a4 34. Qa2 Rf4 35. d6+ Kh8 36. Rxf4 Qxf4 37. d7 Qe3+ 0-1

[Event "Ch BLR 2014"]
[Site "?"]
[Date "2014.01.11"]
[Round "5.5"]
[White "Teterev, Vitaly"]
[Black "Maiorov, Nikita"]
[Result "0-1"]
[WhiteElo "2507"]
[BlackElo "2552"]
[PlyCount "92"]
[EventDate "2014.??.??"]

1. Nf3 d5 2. g3 g6 3. Bg2 Bg7 4. O-O Nf6 5. c4 dxc4 6. Na3 O-O 7. Nxc4 Nc6 8.
d3 Nd5 9. Rb1 Nb6 10. Ne3 a5 11. b3 e5 12. Nc4 Nd5 13. Bb2 Re8 14. a3 Nb6 15.
Nfd2 Bf5 16. Ne4 Qe7 17. Ne3 Be6 18. Rc1 Nd7 19. Nc3 Nb6 20. Bxc6 bxc6 21. Ne4
f5 22. Nd2 Bd7 23. Nec4 Ra6 24. Qc2 Qf7 25. Bc3 a4 26. bxa4 Nxc4 27. Nxc4 f4
28. Nd2 Bh3 29. Rfe1 Bh6 30. Rb1 c5 31. Rb5 fxg3 32. hxg3 Rf6 33. f3 Be3+ 34.
Kh2 g5 35. Nc4 Bd4 36. Bxd4 exd4 37. Kxh3 g4+ 38. Kg2 gxf3+ 39. exf3 Rxe1 40.
Rb8+ Kg7 41. Qd2 Qe6 42. Rb2 Rh6 43. g4 Qe7 44. Qf2 Rhh1 45. a5 Qe6 46. a6 Qh6
0-1

[Event "Ch BLR 2014"]
[Site "?"]
[Date "2014.01.11"]
[Round "5.6"]
[White "Aleksandrov, Aleksej"]
[Black "Lomako, Pavel"]
[Result "1/2-1/2"]
[WhiteElo "2578"]
[BlackElo "2370"]
[PlyCount "72"]
[EventDate "2014.??.??"]

1. d4 Nf6 2. c4 e6 3. Nc3 Bb4 4. e3 O-O 5. Bd3 d5 6. cxd5 exd5 7. Nge2 Re8 8.
O-O Bf8 9. a3 a5 10. Qc2 Na6 11. b3 g6 12. Bd2 b6 13. Rfe1 Bb7 14. f3 c5 15.
Nb5 a4 16. Nec3 axb3 17. Qxb3 c4 18. Bxc4 dxc4 19. Qxc4 Rc8 20. Qb3 Nc7 21. Na7
Rb8 22. Rad1 Nfd5 23. Nab5 Nxc3 24. Nxc3 Bh6 25. Kh1 Nd5 26. Nb5 Nc7 27. Nc3
Nd5 28. Nb5 Ba6 29. e4 Bxd2 30. Rxd2 Bxb5 31. Qxb5 Qd6 32. Rb1 Nc3 33. Qb4 Qxb4
34. Rxb4 Nd5 35. Rb1 Nc7 36. d5 Red8 1/2-1/2

[Event "Ch BLR 2014"]
[Site "?"]
[Date "2014.01.11"]
[Round "5.1"]
[White "Kovalev, Vladislav"]
[Black "Kocheev, Aleksandr"]
[Result "1-0"]
[WhiteElo "2562"]
[BlackElo "2391"]
[PlyCount "51"]
[EventDate "2014.??.??"]

1. e4 d5 2. exd5 Qxd5 3. Nc3 Qa5 4. d4 Nf6 5. Nf3 Nc6 6. Bd2 Bg4 7. Nb5 Qb6 8.
c4 Bxf3 9. Qxf3 Nxd4 10. Nxd4 Qxd4 11. Qxb7 Qe4+ 12. Qxe4 Nxe4 13. Be3 e6 14.
g3 O-O-O 15. Bg2 Nd6 16. O-O-O Be7 17. Bxa7 Nxc4 18. Bd4 e5 19. Bc3 f6 20. b3
Ba3+ 21. Kc2 Nd6 22. Bc6 Bc5 23. Rd5 Bb6 24. Rhd1 h5 25. f4 e4 26. R1d4 1-0